000
00264nam a2200121Ia 4500
008
190216s9999||||xx |||||||||||||| ||und||
100
_a
Prakash Pandit
245
0
_a
Hindi-Ameer Ghusri
260
_b
Hindi Pamkth
300
_a
148
650
_a
Hindi
942
_c
BK
999
_c
16362
_d
16362